000 00764nam a2200265 a 4500
001 51800
003 BD-RjUL
005 20211209075720.0
008 160904s1978 ilua 001 0 eng
020 _a0256020329
035 _a(BD-RjUL)51920
040 _aDLC
_cDLC
_dBD-RjUL
_beng
041 _aeng
082 0 0 _a339
_223
_bWOM 1978
100 1 _aWonnacott, Paul.
_97468
245 1 0 _aMacroeconomics /
_cPaul Wonnacott
250 _aRev. ed.
260 _aHomewood, Illinois
_bR. D. Irwin,
_cc1978
300 _axvi, 543 p. :
_bill. ;
_c24 cm.
490 0 _aThe Irwin series in economics
504 _aIncludes bibliographical references and index.
650 0 _aMacroeconomics.
_95854
830 _aThe Irwin series in economics
_9130434
942 _2ddc
_cBK
999 _c51800
_d51800